AC Ajaccio - Joueurs les plus capés - Statistiques

Statistiques générales
  • Ce quiz a été pris 29 fois
  • Le résultat moyen est 3 sur 10
Statistiques - réponses
Apparition Nationalité Joueur % Correct
286 France Johan Cavalli
100%
270 France Riad Nouri
60%
214 France Cédric Avinel
32%
206 France Benjamin André
28%
186 France Mathieu Coutadeur
28%
206 Algerie Carl Medjani
24%
197 France Jean-Baptiste Pierazzi
20%
188 France Cyril Granon
12%
218 France Xavier Collin
12%
221 France Martial Robin
4%
Aucun quiz correspondant
Distribution des résultats
% des personnes avec chaque résultat
Percentile par nombre de réponses
Votre historique - résultats
Vous n’avez pas pris ce quiz